|
|
|
|
| LEADER |
00000cab a2200000 a 4500 |
| 001 |
vtls000293725 |
| 003 |
SK-MaSNL |
| 005 |
20260304223057.0 |
| 008 |
140423|1987 xo | || || | 0| slo |
| 015 |
|
|
|a SNBRB19rr/mm-uuuuu
|
| 035 |
|
|
|a CL0303844
|
| 040 |
|
|
|a SNKBUCL
|b slo
|c SNKBUCL
|e AACR2
|
| 041 |
1 |
|
|a slo
|h rus
|
| 044 |
|
|
|a xo
|c SK
|
| 080 |
|
|
|a 882-1
|2 1981
|
| 100 |
1 |
|
|a Kirillov, Vladimir Timofejevič,
|d 1890-1943
|4 aut
|9 203435
|
| 245 |
1 |
0 |
|a Železný mesiáš
|c Vladimír Kirillov ; preložil Ján Štrasser
|
| 500 |
|
|
|a Pod spoločným názvom Sovietska revolučná poézia
|
| 655 |
|
7 |
|a články z novín a časopisov
|2 snkbucl
|9 267496
|
| 655 |
|
7 |
|a články z odboru literárna veda a krásna literatúra
|2 snkbucl
|9 770045
|
| 655 |
|
7 |
|a ruská poézia
|2 snkbucl
|9 70731
|
| 700 |
1 |
|
|a Štrasser, Ján,
|d 1946-
|4 trl
|9 93512
|
| 773 |
0 |
|
|t Revue svetovej literatúry
|g Roč. 23, č. 6 (1987), s. 6
|
| 850 |
|
|
|a Slovenská národná knižnica
|
| 852 |
|
|
|a Slovenská národná knižnica
|
| 958 |
|
|
|a RK
|
| 958 |
|
|
|a LX
|
| 958 |
|
|
|a SU
|
| 999 |
|
|
|c 3166281
|d 3168211
|